| 000 | 00575nam a22001817a 4500 | ||
|---|---|---|---|
| 003 | CEME | ||
| 005 | 20210628201816.0 | ||
| 008 | 210106b xxu||||| |||| 00| 0 eng d | ||
| 020 | _a9788131716755 | ||
| 040 | _c. | ||
| 082 | _a629.895 MAZ | ||
| 100 |
_aMuhammad Ali Mazidi, Mckinlay, Rolin D, Causey, Danny _956916 |
||
| 245 | _aPic microcontroller and embedded systems,using assembly and c for pic 18 | ||
| 260 |
_aINDIA _bPEARSON EDUCATION _c2008 |
||
| 300 | _aXVII,782P | ||
| 650 |
_a2- PROGRAMABLE CONTROLLERS 3- EMBEDDED COMPUTER SYSTEMS _956917 |
||
| 942 |
_cBK _2ddc |
||
| 999 |
_c567237 _d567237 |
||